Impact of rice research
محفوظ في:
| المؤلف الرئيسي: | |
|---|---|
| التنسيق: | كتاب |
| اللغة: | Undetermined |
| منشور في: |
Manila
IRRI and TDRI
1998
|
| الموضوعات: | |
| الوسوم: |
إضافة وسم
لا توجد وسوم, كن أول من يضع وسما على هذه التسجيلة!
|
| Thư viện lưu trữ: | Trung tâm Học liệu Trường Đại học Cần Thơ |
|---|
| LEADER | 00472nam a2200181Ia 4500 | ||
|---|---|---|---|
| 001 | CTU_34008 | ||
| 008 | 210402s9999 xx 000 0 und d | ||
| 082 | |a 633.18 | ||
| 082 | |b I34 | ||
| 100 | |a IRRI | ||
| 245 | 0 | |a Impact of rice research | |
| 245 | 0 | |c IRRI, TDRI | |
| 260 | |a Manila | ||
| 260 | |b IRRI and TDRI | ||
| 260 | |c 1998 | ||
| 650 | |a rice - research | ||
| 904 | |i Nguyễn Quang Điền, 991123 | ||
| 980 | |a Trung tâm Học liệu Trường Đại học Cần Thơ | ||